| 000 | 00376 a2200133 4500 | ||
|---|---|---|---|
| 001 | 91349 | ||
| 082 | _aPR 1245 | ||
| 090 |
_c43469 _d43468 |
||
| 100 | _aFawad farrukh Butt; | ||
| 245 |
_aComputer Simulation of Turboramjet Combination engine for Supersonic Aircraft _n46 "A" EC |
||
| 260 |
_aKarachi _bNED University _c1997 |
||
| 300 | _aix;75p | ||
| 500 | _aBE Project Reports | ||
| 942 |
_aCAE NUST _kPR 1245 |
||
| 999 |
_c326422 _d326422 |
||